My life : (Record no. 6802)

MARC details
000 -LEADER
fixed length control field 00455nam a2200145 4500
001 - CONTROL NUMBER
control field 7915
005 - DATE AND TIME OF LATEST TRANSACTION
control field 20181127184644.0
090 00 - LOCALLY ASSIGNED LC-TYPE CALL NUMBER (OCLC); LOCAL CALL NUMBER (RLIN)
Classification number (OCLC) (R) ; Classification number, CALL (RLIN) (NR) 895.1
100 00 - MAIN ENTRY--PERSONAL NAME
Personal name Lhamo, Tsherim Damchen Jamyang.
245 00 - TITLE STATEMENT
Title My life :
Remainder of title a delightful handwritten journal of an eight year old /
Statement of responsibility, etc. Tsherim Damchen Jamyang Lhamo.
Medium
250 00 - EDITION STATEMENT
Edition statement 1st ed.
260 00 - PUBLICATION, DISTRIBUTION, ETC.
Place of publication, distribution, etc. New Delhi ;
Name of publisher, distributor, etc. Roots advertising services Pvt. Ltd,
Date of publication, distribution, etc. 2017.
300 00 - PHYSICAL DESCRIPTION
Extent var pages ; 20 cm.
650 00 - SUBJECT ADDED ENTRY--TOPICAL TERM
Topical term or geographic name entry element Bhutan --Fiction.
General subdivision
Holdings
Withdrawn status Lost status Source of classification or shelving scheme Damaged status Not for loan Collection code Home library Current library Shelving location Date acquired Serial Enumeration / chronology Inventory number Total Checkouts Total Renewals Full call number Barcode Date last seen Date last checked out Price effective from Koha item type
    Dewey Decimal Classification     Main TEST RTC Library RTC Library Main opac 04/05/2021 11941 2 2 895.1 LHA 30012728 08/03/2024 04/05/2021 27/11/2018 Main
Royal Thimphu College || All Right Reserved